| 000 | 00578nam a2200193 a 4500 | ||
|---|---|---|---|
| 001 | 1564 | ||
| 005 | 20140414131850.0 | ||
| 008 | 010417s19uu xx 00 eng d | ||
| 050 |
_aM 540 _bG36 1992 |
||
| 100 | _aGifford, Clive | ||
| 245 |
_aEssential Chemistry : _bkey laws & uses summarized / _cClive Gifford ; illustrated by Sean Wilkinson and Robert Walster. |
||
| 260 |
_aLondon : _bUsborne, _c1992. |
||
| 300 | _a64 p. : ill. ; cm. | ||
| 440 | _aUSBORNE essential guides | ||
| 500 | _aIncludes index. | ||
| 650 | _aChemistry. | ||
| 650 | _aScience. | ||
| 999 |
_c110120 _d110120 |
||